| 000 | 00684nam a22002417a 4500 | ||
|---|---|---|---|
| 003 | OSt | ||
| 005 | 20140310181919.0 | ||
| 008 | 130718t xxu||||| |||| 00| 0 eng d | ||
| 020 | _a0696000695 | ||
| 050 |
_aRJ 61 _b.K37 1998 |
||
| 082 |
_aTR 649.12205 _b K43 1998 |
||
| 100 |
_aKeough, Carol _91472 |
||
| 245 |
_aBetter Homes and Gardens _bNew baby book _cKeough, Carol |
||
| 260 |
_aDes Moines, Iowa : _bMeredith Books, _cc1998. |
||
| 300 |
_a271 p. ; _c25 cm. |
||
| 521 | _aFaculty | ||
| 541 | _j1 | ||
| 562 | _e1 | ||
| 650 | _2Infants--Care--Periodicals. | ||
| 650 | _2 Child care--Periodicals. | ||
| 650 | _2Pregnancy--Periodicals | ||
| 942 |
_2lcc _cBK-TR _kTR |
||
| 999 |
_c6927 _d6927 |
||